000 00800nam a22002055i 4500
001 163314
003 ES-MaACL
005 20250806052101.0
008 050718s1782 xxk | |||||||| ||spa d
040 _aCAM
_bspa
_cCAM
100 1 _aRenny, G.
_9131705
245 1 2 _aA treatise on the veneral disease /
_cby G. Renny.
260 _aLondon :
_bprinted for J. Murray,
_c1782.
300 _aXV, 171 p. ;
_c21 cm.
597 _aSign.: []3, a5, B-L8, M6.
650 7 _aEnfermedades de transmisión sexual
_2embne
_912260
752 _aGran Bretaña -
_dLondres
852 _aES-MaACL
_jR-1403
_z-- Enc. hol.
_z-- Regalado al Ateneo de Madrid por la disuelta sociedad "Escolares médicos" "(firma)... "
_zDonativo del socio Dr. Jose M. de Aleos?
_x Olim: G-13030
999 _c163314
_d163314